| 000 | 02249cam a22003855i 4500 | ||
|---|---|---|---|
| 001 | 22392680 | ||
| 003 | BJBSDDR | ||
| 005 | 20231005160030.0 | ||
| 007 | ta | ||
| 008 | 220110s2021 sp 000 0 spa | ||
| 010 | _a 2021452856 | ||
| 020 | _a9788401028663 | ||
| 035 | _a(SP-BaPL)pu220712133 | ||
| 040 |
_aDLC _bspa _cDLC _erda |
||
| 041 | _aspa | ||
| 042 | _apcc | ||
| 050 | 1 | 4 |
_a315 DP 272 _bR161p 2021 |
| 100 | 1 |
_aRajoy, Mariano, _d1955- _932157 |
|
| 245 | 1 | 0 |
_aPolítica para adultos / _cMariano Rajoy. |
| 250 | _a1. ed. | ||
| 264 | 1 |
_aBarcelona : _bPlaza Janés, _c2021. |
|
| 300 |
_a334 pages ; _c24 cm. |
||
| 336 |
_atext _btxt _2rdacontent |
||
| 337 |
_aunmediated _bn _2rdamedia |
||
| 338 |
_avolume _bnc _2rdacarrier |
||
| 520 | _aLa política española ha sufrido una profunda transformación desde la irrupción del 15-M, el movimiento que llenó calles y plazas de todo el país hace diez años. Una década vertiginosa que ha dado lugar a cambios dramáticos en nuestras sociedades, cada vez más amenazadas por el populismo: fenómenos como Donald Trump o el Brexit suponen una seria advertencia de los peligros que se esconden tras la sentimentalización de los discursos, los líderes mesiánicos o el desafío a la ley.Mariano Rajoy fue el candidato más votado de la historia de la democracia española y ocupó la presidencia del Gobierno desde diciembre de 2011 hasta junio de 2018. Este libro recoge las reflexiones de un ciudadano que ha dedicado más de la mitad de su vida a la política y que, ya retirado del centro de la actividad pública, observa con perplejidad e inquietud cómo,en muy poco tiempo, hemos cedido un gran terreno a la demagogia, a la polarización y a un notable infantilismo que promete soluciones fáciles a cuestiones tan serias como el empleo, la inmigración o la economía. | ||
| 650 | 4 |
_aAutobiografías _925770 |
|
| 650 | 4 |
_aPopulismo _92945 _xPolítica y gobierno _zEspaña |
|
| 650 | 4 |
_aPresidentes de gobierno _zEspaña _914252 _xPolítica y gobierno |
|
| 651 | 4 |
_aEspaña _xPolítica y gobierno _93512 _y2011-2018 |
|
| 906 |
_a0 _bibc _corigres _d3 _encip _f20 _gy-gencatlg |
||
| 942 |
_2lcc _cBK _n0 |
||
| 946 | _idpf | ||
| 999 |
_c120061 _d120061 |
||